000 00589nam a2200193 4500
003 OSt
005 20240715025521.0
006 a
008 240715b |||||||| |||| 00| 0 eng d
040 _aDWCL-Main lib.
_cOC
082 _aFil. 230.2 T126i 2003
100 _aTagle, Luis Antonio
245 _aIt is the Lord! : occasional lectures at Loyola School of Theology /
260 _aManila :
_bLoyola School of Theology.,
_cc2003.
300 _axx,
_b162 p. ;
_c23 cm.
650 _a1. Theology, catholic.
650 _a2. Catholic Church-Doctrines.
942 _2ddc
_n0
_cBK - FIL
_kFil.
999 _c2164
_d2164